New English Bible, New Testament: concordance /

Bibliographic Details
Main Author: Elder, E.
Format: Book
Language:English
Published: Grand Rapids : Zondervan Pub. House, [1964]
Subjects:

MARC

Tag First Indicator Second Indicator Subfields
LEADER 00000cam a2200000 4500
001 in00000284530
005 20151010075141.0
008 750709s1964 miu 00010 eng d
010 |a  65001490  
035 |a (OCoLC)01439382 
035 |9 ABF3595AM 
040 |c JPL  |d OCL  |d TXA  |d UtOrBLW 
049 |a TXAM  |c [462873] 
050 0 0 |a BS2305  |b .E4 1964 
100 1 |a Elder, E. 
245 1 0 |a New English Bible, New Testament: concordance /  |c Compiled by E. Elder. 
264 1 |a Grand Rapids :  |b Zondervan Pub. House,  |c [1964] 
264 4 |c [©1964] 
300 |a 401 pages 
336 |a text  |b txt  |2 rdacontent 
337 |a unmediated  |b n  |2 rdamedia 
338 |a volume  |b nc  |2 rdacarrier 
500 |a "A concordance of words not in, or not in the same verses as the Authorized version. A supplement to existing concordances of other versions." 
630 0 0 |a Bible.  |p New Testament  |x Concordances, English  |x New English. 
999 |a MARS 
999 f f |s b01eb611-e6ed-3c7e-904f-faa4e5c9e3fa  |i 8f3fe0b7-cc5b-3b39-97eb-02e248eda115  |t 0 
952 f f |p ric  |a Texas A&M University  |b Rellis Campus  |c Joint Library Facility  |d Remote Storage  |t 0  |e BS2305 .E4 1964  |h Library of Congress classification  |i unmediated -- volume  |m A14801783022 
998 f f |a BS2305 .E4 1964  |t 0  |l Remote Storage